| 000 | 01206nac a22003257a 4500 | ||
|---|---|---|---|
| 001 | BR8500392 | ||
| 003 | BR-BrBNA | ||
| 005 | 20240105120228.0 | ||
| 008 | 230509b bl.|||m| |||| 00| 0 por d | ||
| 040 |
_aBR-BrBNA _bpor _cBiblioteca Nacional de Agricultura |
||
| 072 | _aQ10 | ||
| 090 | _a9921 BR8500392 | ||
| 100 | 1 | _aGiugliani Filho, J. | |
| 100 | 1 | _aSilva, G.A. da | |
| 100 | 1 | _aSilva, M.A.A.A. da | |
| 110 | 1 |
_aUnidade de Execucao de Pesquisa de Ambito Estadual de Bento Goncalves, RS (Brasil) _910350 |
|
| 245 | 1 | _aRevisao da metodologia analitica de determinacao do extrato seco de vinho [industria alimenticia, Brasil] | |
| 246 | 1 | _aA review of the analytical methodology for determining the dry extract of wine [food industry, Brazil] | |
| 260 | 3 |
_aBento Goncalves, RS (Brasil): _c1984. |
|
| 300 | _a19 p. | ||
| 490 |
_aBoletim de Pesquisa - Unidade de Execucao de Pesquisa de Ambito Estadual de Bento Goncalves (Brazil) _vno. 2 _xISSN 0101-7764 |
||
| 500 | _a11 ref.; Summaries (En, Pt) | ||
| 650 | _aVINHO | ||
| 650 | _aEXTRATO | ||
| 650 | _aSECAGEM | ||
| 650 | _aEVAPORACAO | ||
| 650 | _aPESO | ||
| 909 |
_a202312 _bLúcia Elande _c55 _dLúcia Elande |
||
| 942 |
_2AGRIS _n0 _cMS |
||
| 999 |
_c278428 _d278428 |
||